| 000 -LEADER |
| fixed length control field |
01388cam a22003494a 4500 |
| 001 - CONTROL NUMBER |
| control field |
13387999 |
| 005 - DATE AND TIME OF LATEST TRANSACTION |
| control field |
20170117100436.0 |
| 008 - FIXED-LENGTH DATA ELEMENTS--GENERAL INFORMATION |
| fixed length control field |
031029s2004 nyua b 001 0 eng |
| 010 ## - LIBRARY OF CONGRESS CONTROL NUMBER |
| LC control number |
2003023845 |
| 020 ## - INTERNATIONAL STANDARD BOOK NUMBER |
| International Standard Book Number |
0810991241 (pbk.) |
| 041 1# - LANGUAGE CODE |
| Language code of text/sound track or separate title |
eng |
| Language code of original |
fre |
| 050 00 - LIBRARY OF CONGRESS CALL NUMBER |
| Classification number |
NC998.4 .W4513 2004 |
| 100 1# - MAIN ENTRY--PERSONAL NAME |
| Personal name |
Weill, Alain, |
| Dates associated with a name |
1946- |
| 240 10 - UNIFORM TITLE |
| Uniform title |
<a href="Design graphique.">Design graphique.</a> |
| Language of a work |
English |
| 245 10 - TITLE STATEMENT |
| Title |
Graphic design : |
| Remainder of title |
a history / |
| Statement of responsibility, etc. |
Alain Weill. |
| 260 ## - PUBLICATION, DISTRIBUTION, ETC. (IMPRINT) |
| Place of publication, distribution, etc. |
New York : |
| Name of publisher, distributor, etc. |
H.N. Abrams, |
| Date of publication, distribution, etc. |
2004. |
| 300 ## - PHYSICAL DESCRIPTION |
| Extent |
159 p. : |
| Other physical details |
ill. (some col.) ; |
| Dimensions |
18 cm. |
| 490 1# - SERIES STATEMENT |
| Series statement |
Discoveries |
| 504 ## - BIBLIOGRAPHY, ETC. NOTE |
| Bibliography, etc |
Includes bibliographical references (p. 144) and index. |
| 650 #0 - SUBJECT ADDED ENTRY--TOPICAL TERM |
| Topical term or geographic name as entry element |
Graphic arts |
| General subdivision |
History |
| Chronological subdivision |
20th century. |
| 650 #0 - SUBJECT ADDED ENTRY--TOPICAL TERM |
| Topical term or geographic name as entry element |
Graphic arts |
| General subdivision |
History |
| Chronological subdivision |
19th century. |
| 650 #0 - SUBJECT ADDED ENTRY--TOPICAL TERM |
| Topical term or geographic name as entry element |
Commercial art |
| General subdivision |
History |
| Chronological subdivision |
20th century. |
| 650 #0 - SUBJECT ADDED ENTRY--TOPICAL TERM |
| Topical term or geographic name as entry element |
Commercial art |
| General subdivision |
History |
| Chronological subdivision |
19th century. |
| 830 #0 - SERIES ADDED ENTRY--UNIFORM TITLE |
| Uniform title |
Discoveries (New York, N.Y.) |
| 856 41 - ELECTRONIC LOCATION AND ACCESS |
| Materials specified |
Table of contents |
| Uniform Resource Identifier |
<a href="http://www.loc.gov/catdir/toc/ecip0410/2003023845.html">http://www.loc.gov/catdir/toc/ecip0410/2003023845.html</a> |
| 942 ## - ADDED ENTRY ELEMENTS (KOHA) |
| Source of classification or shelving scheme |
|
| Koha item type |
Hard Covered Materials |